000 00678cam a22002417a 4500
003 CHAP
005 20220329134407.0
008 971013s r 00010 d
010 _a19860
011 _a20832
035 _a24921
040 _cCHAP
090 _aR-739
100 0 0 _aAndrews, G. W.
_95699
245 1 3 _aLa scie principale; comment en obtenir le meilleur rendimient
500 _aSobretiro de: Timber of Canada. Enero 1958. 10 pp.
590 _aBATCH-UPD
_b10
_c20130110
_lUCH01
_h1440
590 _aCONVERSION
_b10
_c20130109
_lUCH01
_h1312
650 1 4 _aSierras.
_9105875
901 _aBK
942 _cREIMP
949 _aR-739
_bBC
_cR
_d-57502
_eTS1
_i24921
_si
999 _c19860
_d19860